00297nam a2200109Ia 450000500170000000800410001710000180005824500680007626000190014430000110016365000130017420260328104248.0260328s9999||||xx |||||||||||||| ||und|| aVan Abel, Bas 0aOpen Design now :b why Design remain exclusive /cBas Van Abel bBIS Publishers a320 p. aHISTORIA